000
00352nam a22001577a 4500
005
20251108172311.0
008
250721s1970 xx 000 0 eng d
082
1
4
_a
J/F/COC
100
1
_a
Cockett, Mary
245
1
0
_a
Farthing bundles /
264
1
_a
London :
_c
1970.
300
_a
135p.
650
1
7
_a
Fiction
942
_2
ddc
_c
BK
999
_c
75575
_d
75575